Membránové konštrukcie. Styky, ukončujúce časti,dizajn mechanicky predpätých membrán

Guardado en:
Detalles Bibliográficos
Autor principal: Kalesný, František, 1951- (Autor)
Formato: Manuscrito Libro
Lenguaje:eslovaco
Publicado: Bratislava : FA, 2007
Etiquetas: Agregar Etiqueta
Sin Etiquetas, Sea el primero en etiquetar este registro!

MARC

LEADER 00000ntm a22000003a 4500
001 stu175942
005 20150717120823.0
008 081119s2007------------------------slo-d
040 |a STU  |b slo 
041 0 |a slo 
100 1 |a Kalesný, František,  |d 1951-  |4 aut  |u A4140  |9 100  |U FAD Fakulta architektúry  |T FA Ústav konštrukcií v architektúre a inžinierskych stavieb  |X 400  |U A4140  |Y 395  |7 A000000400 
245 1 |a Membránové konštrukcie. Styky, ukončujúce časti,dizajn mechanicky predpätých membrán 
260 |a Bratislava :  |b FA,  |c 2007 
300 |a 91 s